عرض عادي
عرض مارك
- Language arts (Early childhood)
مدخل مصطلح موضوعي
001 - رقم الضبط
- حقل الضبط: 38783
003 - معرف رقم الضبط
- حقل الضبط: OSt
005 - تاريخ ووقت أخر عملية
- حقل الضبط: 20131031200242.0
008 - عناصر بيانات ثابتة الطول
- حقل تحكم ثابت الطول: 131031|||a|||||| | ||| d
040 ## - مصدر الفهرسة
- هيئة الفهرسة الأصلية: OSt
- وكالة الكتابة: OSt
150 ## - مدخل-- مصطلح تاريخي
- عنصر مدخل المصطلح الموضوعي او الاسم الجغرافي: Language arts (Early childhood)
670 ## - بيانات المصدر موجوده
- الاستشهاد بالمصدر: Work cat.: (OSt)0: Tompkins, Gail E. 38764, Literacy in the early grades :, 2011.
